[Event "AUTO-OPEN-1480"]
[Site "http://www.queenalice.com/game.php?id=606843"]
[Date "2009.6.21"]
[Round "2"]
[White "marcos_schaaf"]
[Black "robelix"]
[Result "0-1"]
[WhiteElo "1717"]
[BlackElo "2128"]

1. e4 e6 2. d4 d5 3. e5 c5 4. c3 Nc6 5. Nf3 Bd7 6. Bb5 Qb6 7. Bxc6 Bxc6 8. O-O
cxd4 9. cxd4 Ne7 10. b3 Nf5 11. Bb2 Be7 12. Nc3 O-O 13. Rc1 Rfc8 14. a4 a6 15.
g4 Nh4 16. Nxh4 Bxh4 17. f4 Be7 18. f5 exf5 19. gxf5 Bg5 20. Rb1 Be3+ 21. Kh1
Bxd4 22. Nxd5 Bxd5+ 23. Rf3 Bxf3+ 24. Qxf3 Bxb2 25. Rxb2 Rc1+ 26. Kg2 Rg1+ 27.
Kh3 Qh6+ 0-1

[Event "AUTO-OPEN-1480"]
[Site "http://www.queenalice.com/game.php?id=606844"]
[Date "2009.6.21"]
[Round "2"]
[White "robelix"]
[Black "marcos_schaaf"]
[Result "1-0"]
[WhiteElo "2112"]
[BlackElo "1751"]

1. d4 e6 2. c4 f5 3. g3 Nf6 4. Bg2 c5 5. d5 Be7 6. Nc3 O-O 7. Nf3 Qa5 8. O-O h5
9. d6 Bd8 10. Ne5 Nc6 11. Nxc6 bxc6 12. e4 fxe4 13. Nxe4 Nxe4 14. Bxe4 g6 15.
Bxg6 Rf6 16. Qxh5 Rxg6 17. Qxg6+ Kf8 18. Bh6# 1-0

[Event "AUTO-ADV-1432"]
[Site "http://www.queenalice.com/game.php?id=633347"]
[Date "2009.8.9"]
[Round "1"]
[White "gdan"]
[Black "marcos_schaaf"]
[Result "1-0"]
[WhiteElo "2102"]
[BlackElo "1786"]

1. e4 e5 2. f4 Qh4+ 3. g3 Qf6 4. d3 Nc6 5. Bg2 Bd6 6. fxe5 Bxe5 7. c3 Nge7 8. d4
Nxd4 9. cxd4 Bxd4 10. Nf3 Bxb2 11. Bxb2 Qxb2 12. Nbd2 O-O 13. O-O b6 14. Rf2 Qa3
15. Rc1 c5 16. Nc4 Qa6 17. Nfe5 f6 18. Nxd7 Rd8 19. Nxf6+ gxf6 20. Qxd8+ Kf7 21.
Nd6+ Ke6 22. Rcf1 Ke5 23. Qxe7+ Kd4 24. Nxc8 Qxc8 25. Qxf6+ Kc4 26. Rc1+ Kb4 27.
Rb2+ Ka5 28. Rc3 Ka6 29. e5 Qf8 30. Ra3# 1-0

[Event "AUTO-ADV-1432"]
[Site "http://www.queenalice.com/game.php?id=633348"]
[Date "2009.8.9"]
[Round "1"]
[White "marcos_schaaf"]
[Black "gdan"]
[Result "0-1"]
[WhiteElo "1785"]
[BlackElo "2149"]

1. e4 d5 2. exd5 Nf6 3. c4 c6 4. dxc6 Nxc6 5. Nf3 Bg4 6. Be2 e6 7. h3 Bf5 8. Nc3
Bc5 9. d3 a6 10. Bg5 Qc7 11. Bxf6 gxf6 12. a3 O-O-O 13. b4 Bd4 14. Nxd4 Nxd4 15.
h4 Nxe2 16. Qxe2 Bxd3 17. Qf3 f5 18. O-O-O Qxc4 19. Kb2 Kb8 20. Rh3 Be4 21.
Rxd8+ Rxd8 22. Nxe4 fxe4 23. Qf4+ Ka8 24. Rc3 Qd4 25. Qe3 Qd2+ 26. Rc2 Qd4+ 27.
Qxd4 Rxd4 28. Kc1 Rd7 29. g4 f5 30. g5 Kb8 31. h5 Rg7 32. f4 exf3 33. g6 hxg6
34. h6 Rh7 35. Rf2 Rxh6 36. Rxf3 g5 37. Kd2 g4 38. Rg3 Rh2+ 39. Ke3 Rh3 40. Rxh3
gxh3 41. Kf2 f4 42. Kf3 e5 43. a4 e4+ 44. Kxf4 h2 45. Kxe4 h1=Q+ 46. Kd4 Kc7 47.
Kc4 Qe4+ 48. Kc5 b6# 0-1

[Event "AUTO-ADV-1432"]
[Site "http://www.queenalice.com/game.php?id=633357"]
[Date "2009.8.9"]
[Round "1"]
[White "marcos_schaaf"]
[Black "ironildo_luiz"]
[Result "0-1"]
[WhiteElo "1786"]
[BlackElo "1888"]

1. e4 e5 2. Nf3 Nc6 3. Bc4 Nf6 4. Ng5 d5 5. exd5 Nxd5 6. Qf3 Qxg5 7. Bxd5 Qf6 8.
Qxf6 gxf6 9. Bxc6+ bxc6 10. O-O Bh6 11. Nc3 Rg8 12. Kh1 Bb7 13. d3 Bf8 14. Ne4
Ke7 15. f4 Ke6 16. fxe5 fxe5 17. Rf6+ Ke7 18. Bg5 Rxg5 19. Raf1 Rg7 20. R1f5 Ke8
21. Rxe5+ Be7 22. Nc5 Kf8 23. Rff5 Bxc5 24. Rxc5 Re8 25. g3 Re1+ 26. Kg2 Re2+
27. Kh3 Bc8 28. g4 Bxf5 29. gxf5 Rgg2 30. Rxc6 Rxh2+ 31. Kg4 Rxc2 32. Ra6 Rxb2
33. Rxa7 h5+ 34. Kg5 Rxa2 35. Rxc7 Ra8 36. f6 Rd8 37. Rc5 Kg8 38. Kh6 h4 39.
Rg5+ Kf8 40. Kh7 Ke8 41. Re5+ Kd7 42. Re7+ Kd6 43. Rxf7 Rd7 44. Rxd7+ Kxd7 45.
f7 Rf2 46. Kg6 Ke7 47. Kg5 h3 48. Kg4 h2 49. Kg3 Rd2 50. d4 h1=Q 0-1

[Event "AUTO-ADV-1432"]
[Site "http://www.queenalice.com/game.php?id=633358"]
[Date "2009.8.9"]
[Round "1"]
[White "ironildo_luiz"]
[Black "marcos_schaaf"]
[Result "0-1"]
[WhiteElo "1831"]
[BlackElo "1785"]

1. e4 c5 2. Nf3 d6 3. d4 cxd4 4. Nxd4 Nf6 5. Nc3 a6 6. Bg5 e5 7. Nf5 h6 8. Bxf6
Qxf6 9. Nd5 Qd8 10. Nfe3 Be6 11. c4 Bxd5 12. Nxd5 Nd7 13. Qb3 Nc5 14. Qe3 Be7
15. Be2 O-O 16. O-O Bg5 17. Qf3 Ne6 18. Qg4 Nc7 19. Nc3 b5 20. cxb5 axb5 21.
Bxb5 Nxb5 22. Nxb5 Rb8 23. a4 Qc8 24. Qxc8 Rfxc8 25. Nxd6 Rc6 26. Nb5 Rc4 27.
Rfe1 Rd8 28. b3 Rc2 29. Kf1 Rdd2 30. a5 Rxf2+ 31. Kg1 Rxg2+ 32. Kh1 Rxh2+ 33.
Kg1 Bh4 34. Red1 Rcg2+ 35. Kf1 Rb2 36. Kg1 Bg5 37. Re1 Bf4 38. a6 Rhg2+ 0-1

[Event "AUTO-OPEN-1651"]
[Site "http://www.queenalice.com/game.php?id=633435"]
[Date "2009.8.9"]
[Round "1"]
[White "erivaldoadao"]
[Black "marcos_schaaf"]
[Result "1-0"]
[WhiteElo "1954"]
[BlackElo "1794"]

1. e4 e5 2. Nf3 Nf6 3. Nxe5 Qe7 4. d4 d6 5. Nf3 Nxe4 6. Be2 Bg4 7. O-O Nc6 8. h3
Bf5 9. Nbd2 Qe6 10. c4 d5 11. c5 b6 12. Nxe4 dxe4 13. Ng5 Qd7 14. Bc4 Be6 15.
Bxe6 fxe6 16. Nxe4 Qxd4 17. Qxd4 Nxd4 18. cxb6 axb6 19. Be3 c5 20. Bxd4 cxd4 21.
Ng5 e5 22. a3 Be7 23. Nf3 Bd6 24. Rfe1 O-O 25. Ng5 h6 26. Ne4 Bc7 27. Rac1 Rac8
28. Rc6 Rfd8 29. Nd2 b5 30. Rec1 Rd7 31. Re6 Rf8 32. Rc5 Rb8 33. Kf1 Bd6 34. Rd5
Rb6 35. Ne4 Bf8 36. Rexe5 Rxd5 37. Rxd5 b4 38. a4 Rc6 39. b3 Rc1+ 40. Ke2 Rb1
41. Nd2 Rb2 42. Rxd4 Be7 43. Kd3 Kf7 44. f4 Kf6 45. g4 Bc5 46. Ne4+ Ke7 47. Nxc5
Kf6 48. a5 Rb1 49. a6 Rd1+ 50. Kc4 Ra1 51. Kxb4 Rh1 52. a7 Rxh3 53. a8=Q Rh4 54.
Rd6+ Kf7 55. Qa7+ Kg8 56. Ne6 Rxg4 57. Rd7 h5 58. Rxg7+ 1-0

[Event "AUTO-OPEN-1651"]
[Site "http://www.queenalice.com/game.php?id=633436"]
[Date "2009.8.9"]
[Round "1"]
[White "marcos_schaaf"]
[Black "erivaldoadao"]
[Result "1/2-1/2"]
[WhiteElo "1783"]
[BlackElo "1842"]

1. e4 c5 2. Nf3 Nc6 3. d4 cxd4 4. Nxd4 Nxd4 5. Qxd4 Nf6 6. Nc3 g6 7. e5 Nh5 8.
Be2 Bg7 9. Bxh5 gxh5 10. Bf4 O-O 11. Be3 b6 12. O-O e6 13. Nb5 Bb7 14. Rad1 Bd5
15. c4 Bc6 16. f4 a6 17. Nc3 b5 18. cxb5 axb5 19. f5 f6 20. fxe6 dxe6 21. Qh4
Qe8 22. exf6 Qg6 23. Bg5 h6 24. fxg7 Rxf1+ 25. Rxf1 Qxg5 26. Qxg5 hxg5 27. Rf6
Kxg7 28. Rxe6 b4 29. Rxc6 bxc3 30. bxc3 Rxa2 31. c4 g4 32. g3 Ra1+ 33. Kf2 Ra2+
34. Kg1 Ra1+ 35. Kf2 Ra2+ 36. Kg1 1/2-1/2

[Event "AUTO-OPEN-1651"]
[Site "http://www.queenalice.com/game.php?id=633461"]
[Date "2009.8.9"]
[Round "1"]
[White "JAmaro"]
[Black "marcos_schaaf"]
[Result "0-1"]
[WhiteElo "1841"]
[BlackElo "1749"]

1. d4 d5 2. Bf4 c5 3. h3 Nf6 4. g3 Nc6 5. dxc5 Qa5+ 6. c3 Qxc5 7. Bg2 e5 8. Bg5
Be7 9. b4 Qc4 10. Nf3 Ne4 11. Nfd2 Nxc3 12. Nxc4 Nxd1 13. Bxe7 dxc4 14. O-O Nxf2
15. Rxf2 Nxe7 16. Nc3 O-O 17. g4 Be6 18. Nb5 a6 19. Nc7 Rac8 20. Nxe6 fxe6 21.
Rxf8+ Kxf8 22. Bxb7 Rb8 23. Bxa6 c3 24. b5 Nd5 25. a3 Nc7 26. a4 Nxa6 27. bxa6
c2 28. Rf1+ Ke7 29. Kg2 Rb1 30. a7 Rxf1 31. a8=Q c1=Q 32. Qb7+ Kf6 33. Qb6 Qd1
34. a5 Qxe2+ 35. Kg3 Rf3+ 36. Kh4 Qe1+ 37. Kh5 Rxh3# 0-1

[Event "AUTO-OPEN-1651"]
[Site "http://www.queenalice.com/game.php?id=633462"]
[Date "2009.8.9"]
[Round "1"]
[White "marcos_schaaf"]
[Black "JAmaro"]
[Result "1-0"]
[WhiteElo "1747"]
[BlackElo "1860"]

1. e4 e5 2. Nf3 Nc6 3. Bc4 h6 4. d4 d6 5. dxe5 dxe5 6. Qxd8+ Nxd8 7. Nxe5 Be6 8.
Nc3 Bxc4 9. Nxc4 Bb4 10. Bd2 b5 11. Nxb5 Bxd2+ 12. Nxd2 Ne6 13. O-O a6 14. Nc3
Rb8 15. Nc4 Rb4 16. b3 Nf6 17. Rad1 O-O 18. e5 Ng4 19. h3 Nxe5 20. Nxe5 Nd4 21.
a3 Rb6 22. Rxd4 c5 23. Rd5 Rc8 24. Rd7 Rf8 25. Nd5 Re6 26. f4 f6 27. Nd3 Re2 28.
Nxc5 a5 29. c3 Ra2 30. Ne6 Rf7 31. Rd8+ Kh7 32. a4 Ra3 33. f5 h5 34. g4 Rxb3 35.
Nef4 hxg4 36. hxg4 Ra3 37. Kg2 Kh6 38. Rh1+ Kg5 39. Kg3 g6 40. Rg8 Rxa4 41.
Rxg6# 1-0

[Event "QA-ANNIV-05"]
[Site "http://www.queenalice.com/game.php?id=654313"]
[Date "2009.9.18"]
[Round "2"]
[White "FoxInSox"]
[Black "marcos_schaaf"]
[Result "1-0"]
[WhiteElo "1580"]
[BlackElo "1771"]

1. d4 d5 2. Nc3 c5 3. dxc5 e5 4. Qxd5 Qxd5 5. Nxd5 Na6 6. e4 Be6 7. Bxa6 Bxd5 8.
exd5 bxa6 9. d6 Rc8 10. Be3 f5 11. Rd1 Kd8 12. Nf3 f4 13. Nxe5 Nh6 14. Bxf4 Rxc5
15. Bg5+ Kc8 16. d7+ Kb7 17. Nf3 Nf7 18. d8=Q Nxd8 19. Rxd8 Rxc2 20. Rd2 Bb4 21.
Kd1 Rc5 22. Rd7+ Kc6 23. Rxa7 Rd5+ 24. Ke2 Re8+ 25. Be3 g5 26. Rc1+ Kb5 27. Kf1
h6 28. Nd4+ Ka5 29. a3 Bc5 30. Nb3+ Kb6 31. Bxc5+ Rxc5 32. Rxa6+ Kxa6 33. Nxc5+
Kb5 34. g3 Rc8 35. Nd3 Rxc1+ 36. Nxc1 Ka4 37. Nd3 Kb3 38. f4 Kc2 39. f5 Kxd3 40.
f6 Kc2 41. b4 Kb3 42. f7 Kxa3 43. f8=Q Kb3 44. Qc5 Ka4 45. b5 g4 46. b6 1-0

[Event "AUTO-OPEN-1696"]
[Site "http://www.queenalice.com/game.php?id=654838"]
[Date "2009.9.19"]
[Round "1"]
[White "marcos_schaaf"]
[Black "MMANZAN"]
[Result "0-1"]
[WhiteElo "1803"]
[BlackElo "1327"]

1. e4 c5 2. Nf3 d6 3. d4 cxd4 4. Qxd4 Bd7 5. Bc4 Nc6 6. Qd3 Qa5+ 7. Bd2 Qb6 8.
Nc3 Nb4 9. Qf1 Nxc2+ 10. Ke2 Nxa1 11. Qxa1 f5 12. Be3 Qc7 13. Bxg8 fxe4 14. Ng5
Rxg8 15. Nxh7 Qc4+ 16. Kd1 Rh8 17. Nxf8 Rxf8 18. b3 Qd3+ 19. Kc1 Rc8 20. Bd2
Rxf2 21. Qb2 e3 22. Qc2 Rxc3 23. Qxc3 exd2+ 24. Qxd2 Qxd2+ 0-1

[Event "AUTO-OPEN-1696"]
[Site "http://www.queenalice.com/game.php?id=654839"]
[Date "2009.9.19"]
[Round "1"]
[White "MMANZAN"]
[Black "marcos_schaaf"]
[Result "1-0"]
[WhiteElo "1357"]
[BlackElo "1784"]

1. e3 e5 2. Nc3 d5 3. Bb5+ c6 4. Be2 Nf6 5. Nf3 Bb4 6. Nxe5 O-O 7. O-O Qc7 8. d4
Nbd7 9. f4 Bxc3 10. bxc3 Nxe5 11. dxe5 Ne4 12. Qd4 f6 13. Bf3 Bf5 14. Ba3 fxe5
15. fxe5 Rfe8 16. Bxe4 Bxe4 17. Bd6 Qd7 18. Rf2 Qg4 19. Raf1 b6 20. Qa4 b5 21.
Qa6 h5 22. Qxc6 h4 23. Qxb5 h3 24. g3 Bg2 25. Rxg2 hxg2 26. Qxd5+ Kh7 27. Qd3+
Kh6 28. Kxg2 Rh8 29. Rf4 Qg6 30. Rh4+ Kg5 31. Rg4+ Kxg4 32. Qxg6# 1-0

[Event "AUTO-OPEN-1696"]
[Site "http://www.queenalice.com/game.php?id=654840"]
[Date "2009.9.19"]
[Round "1"]
[White "marcos_schaaf"]
[Black "egosofico"]
[Result "0-1"]
[WhiteElo "1768"]
[BlackElo "1782"]

1. e4 e5 2. Nf3 Nc6 3. Bc4 Be7 4. d4 exd4 5. Nxd4 Ne5 6. Nd2 Nf6 7. Nf5 O-O 8.
Nxe7+ Qxe7 9. Qe2 Nxc4 10. Qxc4 d5 11. Qd4 Nxe4 12. O-O Nxd2 13. Bxd2 Rd8 14.
Bc3 Qg5 15. f4 Qg6 16. f5 Qb6 17. Qxb6 axb6 18. f6 d4 19. Bd2 c5 20. a3 gxf6 21.
Rxf6 Be6 22. Raf1 Kh8 23. R1f3 Rg8 24. c3 Rg4 25. h3 Rg6 26. R6f4 Rag8 27. g4 h5
28. cxd4 hxg4 29. hxg4 Rxg4+ 30. Rxg4 Rxg4+ 31. Kf2 cxd4 32. Rh3+ Kg8 33. Rg3
Kg7 34. Bf4 Kf6 35. Rf3 Bd5 36. Bc7+ Bxf3 37. Kxf3 Kf5 38. Bxb6 Re4 39. a4 d3
40. Ba5 Rxa4 41. Bc3 Re4 42. Bd2 Ke5 43. Bc3+ Kd5 44. b3 f5 45. Bd2 Rh4 46. Ke3
Rh2 47. Kxd3 Rxd2+ 48. Kxd2 Kd4 49. b4 Kc4 50. Ke3 Kxb4 51. Kf4 Kc3 52. Kxf5 b5
53. Ke4 b4 54. Ke3 b3 55. Ke2 b2 56. Kd1 b1=Q+ 57. Ke2 Qd3+ 0-1

[Event "AUTO-OPEN-1696"]
[Site "http://www.queenalice.com/game.php?id=654841"]
[Date "2009.9.19"]
[Round "1"]
[White "egosofico"]
[Black "marcos_schaaf"]
[Result "1-0"]
[WhiteElo "1546"]
[BlackElo "1774"]

1. e4 e5 2. Nf3 Nf6 3. Nxe5 Qe7 4. d4 d6 5. Nf3 Nxe4 6. Be2 Bg4 7. O-O Nc6 8.
Re1 O-O-O 9. h3 Bh5 10. Bd3 d5 11. c4 Bxf3 12. Qxf3 Qf6 13. Bxe4 Qxf3 14. Bxf3
Nxd4 15. Bd1 dxc4 16. Nc3 Bd6 17. Be3 Rhe8 18. Bg4+ f5 19. Bxd4 Rxe1+ 20. Rxe1
fxg4 21. hxg4 Bh2+ 22. Kxh2 Rxd4 23. f3 Rd2 24. Re2 Rxe2 25. Nxe2 b5 26. Nd4 a6
27. Kg3 c5 28. Ne6 Kb7 29. Nxc5+ Kb6 30. Ne4 b4 31. f4 a5 32. f5 a4 33. g5 b3
34. axb3 cxb3 35. f6 gxf6 36. gxf6 a3 37. bxa3 b2 38. Nd2 Kb5 39. f7 Ka4 40.
f8=Q 1-0

[Event "AUTO-OPEN-1696"]
[Site "http://www.queenalice.com/game.php?id=654842"]
[Date "2009.9.19"]
[Round "1"]
[White "marcos_schaaf"]
[Black "AndreBerton"]
[Result "1-0"]
[WhiteElo "1784"]
[BlackElo "1275"]

1. e4 e5 2. Nf3 d6 3. Bc4 Nf6 4. Ng5 Qd7 5. Nxf7 Rg8 6. Ng5 d5 7. Bxd5 h6 8.
Bxg8 hxg5 9. Bc4 Nxe4 10. d3 Nc5 11. Qh5+ Kd8 12. Bxg5+ Be7 13. Qh8+ Qe8 14.
Qxg7 Nc6 15. Bf7 Ne6 16. Qg6 Qh8 17. Bxe6 Bxg5 18. Qxg5+ Ke8 19. Bxc8 Rxc8 20.
O-O Qf8 21. Nc3 Qf7 22. Rfe1 Rd8 23. Re3 a6 24. d4 Rxd4 25. Rxe5+ Nxe5 26. Qxe5+
Qe7 27. Qxd4 b6 28. Kf1 c5 29. Qh8+ Kd7 30. Rd1+ Kc6 31. g4 Qg5 32. Qc8# 1-0

[Event "AUTO-OPEN-1696"]
[Site "http://www.queenalice.com/game.php?id=654843"]
[Date "2009.9.19"]
[Round "1"]
[White "AndreBerton"]
[Black "marcos_schaaf"]
[Result "0-1"]
[WhiteElo "1262"]
[BlackElo "1769"]

1. d4 d5 2. g3 Nc6 3. Bg2 Bf5 4. Nf3 Nb4 5. e4 Bxe4 6. O-O Nxc2 7. Nc3 Nxa1 8.
Nxe4 dxe4 9. Ne5 Qd5 10. Bf4 Qxa2 11. Bh3 f6 12. Bd7+ Kd8 13. Qc1 fxe5 14. Bxe5
Kxd7 15. Qxc7+ Ke6 16. Qxb7 Qd5 17. Qa6+ Kd7 18. Rxa1 Nf6 19. f3 e3 20. Rc1 Qxf3
21. Qa4+ Ke6 22. Qc6+ Qxc6 23. Rxc6+ Kf7 24. Rc1 Nd5 25. h4 e6 26. Rf1+ Ke8 27.
Kg2 Bb4 28. Bxg7 Rg8 29. Be5 Ke7 30. Rc1 Rac8 31. Ra1 a5 32. b3 Rc2+ 33. Kf3
Rf2+ 34. Ke4 e2 35. Kd3 e1=Q 36. Rxe1 Bxe1 37. Ke4 Rb2 38. Kd3 Rxb3+ 39. Kc4 a4
0-1